Visualizzazione normale
Vista MARC
- Sanna Piero
di Personal Name
Records bibliografici associati: 1
001 - CONTROL NUMBER
- control field: 46274
003 - CONTROL NUMBER IDENTIFIER
- control field: IT-RoPau
005 - DATE AND TIME OF LATEST TRANSACTION
- control field: 20151130144509.0
008 - FIXED-LENGTH DATA ELEMENTS
- fixed length control field: 151130|| aca||aabn | a|a d
040 ## - CATALOGING SOURCE
- Original cataloging agency: IT-RoPau
- Transcribing agency: IT-RoPau
100 ## - HEADING--PERSONAL NAME
- Personal name: Sanna Piero
- Relator term: (soggetto)
- Miscellaneous information: Codice Soggetto SPICS: 57760
670 ## - SOURCE DATA FOUND
- Source citation: Work cat.: (IT-RoPau)106326: Sanna Piero Codice regista SPICS: 57760 46269, DESTINAZIONE (LA) DESTINAZIONE (LA) (Rif. Codice opera principale : H4693)